Normal view
MARC view
- Roger J. Vaughan
Entry Personal Name
001 - CONTROL NUMBER
- control field: 19942
003 - CONTROL NUMBER IDENTIFIER
- control field: NUST
005 - DATE AND TIME OF LATEST TRANSACTION
- control field: 20190904104809.0
008 - FIXED-LENGTH DATA ELEMENTS
- fixed length control field: 190904|| aca||aabn | a|a d
040 ## - CATALOGING SOURCE
- Original cataloging agency: NUST
- Transcribing agency: NUST
100 ## - HEADING--PERSONAL NAME
- Personal name: Roger J. Vaughan
670 ## - SOURCE DATA FOUND
- Source citation: Work cat.: (NUST)0: Roger J. Vaughan, Rebuilding America /, [1984]
